Former Countries - Statistics

General Stats
  • This quiz has been taken 78 times
  • The average score is 14 of 15
Answer Stats
Hint Answer % Correct
The northern part of Great Britain Scotland
100%
Communist superpower that collapsed in 1991 USSR
98%
Gained independence from Mexico, only to annexed by America Texas
97%
Slavic nation that split up during the cold war Yugoslavia
97%
The communist part of modern day Germany East Germany
95%
Middle Eastern empire that collapsed after WW1 Ottoman Empire
95%
The non-communist sister of the answer above West Germany
95%
The dual empire that also collapsed after WW1 Austria-Hungary
94%
The island state of the US that was annexed in 1898 Hawaii
92%
This nation was liberated from Japan but then split up during the cold war Korea
88%
Annexed by China after WW2 Tibet
86%
The precursor to the German Empire Prussia
85%
Lost the American Civil War CSA
82%
One of the central american empires that was conquered by Spain Aztec
77%
Split in two in the nineties and has a wonderfully long name Czechoslovakia
71%
No matching quizzes found
Score Distribution
Percent of People with Each Score
Percentile by Number Answered
Your Score History
You have not taken this quiz